00653nam a2200181 a 450000100100000000500170001000800410002704000250006810000500009324500450014325000110018826000500019930000210024949000330027083000400030395201110034399900170045400003997720240305135410.0130801s1983 ng 000 0 spa d aDO-SdBNPbspacBNPHU1 aGarcía Márquez, Gabriel,b1928-20149180413aEl asalto /cGabriel García Márquez. a2a ed. aManagua, Nicaragua :bNueva Nicaragua,c1983. a143 p. ;c20 cm.1 aPalabra de Nuestra América 0aPalabra de Nuestra América910691 001054708MOaGRbGRcCTd2013-08-01iLF1l0o p39977-10r2020-06-25w2020-06-25y4ZPréstamo en sala c39467d39467